Les prénoms qui ont un sens initiale D - Statistiques

Statistiques générales
  • Ce quiz a été pris 83 fois
  • Le résultat moyen est 7 sur 20
Statistiques - réponses
Sens Sexe Prénom Célébrité ou personnage % Correct
Qui concerne le Seigneur M Dominique Strauss-Kahn
89%
Jugement de Dieu M Daniel Auteuil
88%
Dieu est mon juge F Danielle Darrieux
63%
Maîtresse F Donna Summer
58%
Ange M Damien Thévenot
51%
Laurier F Daphnée Burki
49%
Dauphin F Delphine Moriau
44%
Fille de Dieu F Denise Grey
37%
Souhaité M Désiré Nisard
37%
Don M Dorian Mortelette
37%
Don de Dieu M/F Dorothée Berryman
34%
Douleur F Dolorès O'Riordan
29%
Donné à Dieu M Donatien de Sade
22%
Reçu de Dieu M Dieudonné Smets
19%
Délicate F Douce de Gévaudan
16%
Abeille F Déborah -
12%
Guide F Dalila Rodriguez
8%
Douce F Dulcinée -
5%
Chérie F Divine -
4%
Celle qui a soumis F Déotille -
1%
Aucun quiz correspondant
Distribution des résultats
% des personnes avec chaque résultat
Percentile par nombre de réponses
Votre historique - résultats
Vous n’avez pas pris ce quiz